Größten Städte in den nordischen Ländern • A-Z - Statistiken

Allgemein
  • Dieses Quiz wurde 337 mal gespielt
  • Das Durchschnittsergebnis liegt bei 11 aus 23
Antwortstatistiken
# Hint Stadt % Korrekt
H FI Helsinki
96%
O NO Oslo
95%
K DK Kopenhagen
94%
S SE Stockholm
92%
B NO Bergen
88%
M SE Malmö
87%
G SE Gothenburg
83%
R IS Reykjavik
82%
A DK Aarhus
67%
U SE Uppsala
62%
T FI Tampere
47%
E FI Espoo
39%
Ö/Ø SE Örebro
33%
L FI Lahti
31%
N SE Norrköping
31%
D NO Drammen
27%
Å NO Ålesund
18%
V SE Västerås
17%
J FI Jyväskylä
15%
F NO Fredrikstad
9%
I FI Imatra
2%
P NO Porsgrunn
2%
Y FI Ylöjärvi
1%
Keine übereinstimmenden Quizze gefunden
Verteilung der Resultate
Anzahl Personen mit jedem Resultat
Perzentil nach korrekt beantworteten Fragen
Ihre Resultats-Entwicklung
Sie haben dieses Quiz noch nicht gespielt